"El SENIAT y la determinación tributaria". (Registro nro. 14259)
[ vista simple ]
| 000 -CABECERA | |
|---|---|
| campo de control de longitud fija | 00364nab a22001337a 4500 |
| 001 - NÚMERO DE CONTROL | |
| campo de control | T027600011061-01 |
| 008 - DATOS DE LONGITUD FIJA--INFORMACIÓN GENERAL | |
| campo de control de longitud fija | 190830b xxu||||| |||| 00| 0 esp | |
| 040 ## - FUENTE DE LA CATALOGACIÓN | |
| Centro catalogador/agencia de origen | FEVP |
| Centro/agencia transcriptor | FEVP |
| 100 ## - ENTRADA PRINCIPAL--NOMBRE DE PERSONA | |
| Nombre de persona | Hernández B, César J. |
| 245 ## - MENCIÓN DE TÍTULO | |
| Título | "El SENIAT y la determinación tributaria". |
| 300 ## - DESCRIPCIÓN FÍSICA | |
| Extensión | pp. 15-48 |
| 650 ## - PUNTO DE ACCESO ADICIONAL DE MATERIA--TÉRMINO DE MATERIA | |
| Término de materia o nombre geográfico como elemento de entrada | Chávez Frías, Hugo, 1954-2013--Entrevistas |
| 942 ## - ELEMENTOS DE PUNTO DE ACCESO ADICIONAL (KOHA) | |
| Tipo de ítem Koha | Analítica |
| Estado de retiro | Estado de pérdida | Estado dañado | No para préstamo | Localización permanente | Ubicación/localización actual | Fecha de adquisición | Total de préstamos | Fecha visto por última vez | Número de copia | Precio válido a partir de | Tipo de ítem Koha |
|---|---|---|---|---|---|---|---|---|---|---|---|
| Oscar Varsavsky | Oscar Varsavsky | 02.09.2019 | 02.09.2019 | e.1 | 02.09.2019 | Analítica | |||||
| Oscar Varsavsky | Oscar Varsavsky | 02.09.2019 | 02.09.2019 | e.2 | 02.09.2019 | Analítica | |||||
| Oscar Varsavsky | Oscar Varsavsky | 02.09.2019 | 02.09.2019 | e.3 | 02.09.2019 | Analítica |